000 00249nam a2200097Ia 4500
001 676623
005 20250826161003.0
008 250824s9999 xx 000 0 und d
245 0 _aKUYUDAKİ ÇOCUK
_cAHMET YILMAZ BOYUNAĞA
260 _bTİMAŞ YAYINLARI
999 _c676623
_d676623